Νοσηλευτική και παιδοκομία

Αποθηκεύτηκε σε:
Λεπτομέρειες βιβλιογραφικής εγγραφής
Κύριος συγγραφέας: Χριστοπούλος, Παναγιώτης Χ.
Μορφή: Βιβλίο
Γλώσσα:Greek
Δημοσίευση: Αθήναι : Εκδ. οίκος Πέτρου Δημητράκου, [19--?].
Θέματα:
Ετικέτες: Προσθήκη ετικέτας
Δεν υπάρχουν, Καταχωρήστε ετικέτα πρώτοι!

MARC

LEADER 00000cam a2200000 i 4500
001 1/96598
008 081105n gr a ||| |||| ||gre||
035 |l 10101401 
040 |a GR-MY-UA  |b gre  |e aacr 
041 0 |a gre 
082 0 |a 649.1  |2 (22) 
100 0 |a Χριστοπούλος, Παναγιώτης Χ. 
245 1 0 |a Νοσηλευτική και παιδοκομία /   |c Παναγ. Χ. Χριστοπούλου.  
260 |a Αθήναι :   |b Εκδ. οίκος Πέτρου Δημητράκου,   |c [19--?].  
300 |a 54 σ. :   |b εικ. ;   |c 22 εκ.  
506 1 |a Μόνο για ανάγνωση.   |5 Βρίσκεται σε ειδικό ράφι. Διαθέσιμο εάν ζητηθεί.  
650 0 0 |a Children  |x Health and hygiene. 
650 0 0 |a Child care. 
852 |a INST  |b LESVOS  |e 20081105  |h 649.1 ΧΡΙ  |p 005100043399  |q 005100043399  |t BK  |y 0 
901 |a BIBL1-2008-3 
970 |a ΚΑΡΑ  |b ΓΙΑΣΕΜΗ  |z 2008/11/05